LEADER 01087cam0 22002651 450 001 SOBE00084308 005 20250909081451.0 100 $a20250908d1967 |||||ita|0103 ba 101 $aita 102 $aIT 200 1 $aPer l'architettura e l'urbanistica greca d'età arcaica$ela stoa nel temenos del tempio C e lo sviluppo programmato di Selinunte$fAntonino Di Vita 210 $aRoma$cDe Luca$d1967 215 $a60 p.$cill.$d28 cm 300 $aEstratto da: Palladio, anno 17., n. 1-4, gennaio-dicembre 1967 500 10$aPer l'architettura e l'urbanistica greca d'età arcaica$3SOBA00035300$9592962 700 1$aDi Vita$b, Antonino$3SOBA00033800$4070$0169513 801 0$aIT$bUNISOB$c20250909$gRICA 850 $aUNISOB 852 $aUNISOB$jFondo|Calì$m184106 912 $aSOBE00084308 940 $aM 102 Monografia moderna SBN 941 $aM 957 $aFondo|Calì$b001712$gSI$d184106$n20250604$hCali$rDono$tN$1rovito$2UNISOB$3UNISOB$420250908100242.0$520250908100326.0$6rovito 996 $aPer l'architettura e l'urbanistica greca d'eta arcaica$9592962 997 $aUNISOB